Guía de planeación estratégica y financiera / (Registro nro. 6357)

Detalles MARC
000 -LEADER
fixed length control field 00899nam a2200229Ia 4500
003 - CONTROL NUMBER IDENTIFIER
control field OSt
005 - DATE AND TIME OF LATEST TRANSACTION
control field 20201015133523.0
008 - FIXED-LENGTH DATA ELEMENTS--GENERAL INFORMATION
fixed length control field 191128s2010 ck gr 000 0 spa d
020 ## - INTERNATIONAL STANDARD BOOK NUMBER
International Standard Book Number 19008368
040 ## - CATALOGING SOURCE
Original cataloging agency CO-JMCR
Transcribing agency CO-JMCR
041 0# - LANGUAGE CODE
Language code of text/sound track or separate title spa
082 04 - DEWEY DECIMAL CLASSIFICATION NUMBER
Classification number 658.4012 /
Item number S684g
Edition number 23
100 1# - MAIN ENTRY--PERSONAL NAME
Personal name Solarte Ojeda, Ricardo,
Relator term editor
9 (RLIN) 11588
245 10 - TITLE STATEMENT
Title Guía de planeación estratégica y financiera /
Statement of responsibility, etc. editor, Ricardo Solarte Ojeda
260 ## - PUBLICATION, DISTRIBUTION, ETC.
Place of publication, distribution, etc. Bogotá :
Name of publisher, distributor, etc. Misión Pyme,
Date of publication, distribution, etc. 2010.
300 ## - PHYSICAL DESCRIPTION
Extent 79 páginas ;
Dimensions 22 cm.
505 0# - FORMATTED CONTENTS NOTE
Formatted contents note La estrategia y el estratega efectivo -- Revisemos la organización y su entorno -- Determinemos el horizonte estratégico y sus propósitos -- Establezcamos como medir y evaluar -- Planeación financiera -- Portafolio Colpatria
650 24 - SUBJECT ADDED ENTRY--TOPICAL TERM
Topical term or geographic name entry element Estrategia financiera
9 (RLIN) 11589
650 24 - SUBJECT ADDED ENTRY--TOPICAL TERM
Topical term or geographic name entry element Medición financiera
9 (RLIN) 11590
650 24 - SUBJECT ADDED ENTRY--TOPICAL TERM
Topical term or geographic name entry element Negocios
9 (RLIN) 11591
942 ## - ADDED ENTRY ELEMENTS (KOHA)
Source of classification or shelving scheme Dewey Decimal Classification
Koha item type Books
Existencias
Withdrawn status Lost status Source of classification or shelving scheme Materials specified (bound volume or other part) Damaged status Not for loan Home library Current library Shelving location Date acquired Source of acquisition Full call number Barcode Date last seen Copy number Price effective from Koha item type
    Dewey Decimal Classification Donació25/10/2016--     Biblioteca Pública José María del Castillo y Rada Biblioteca Pública José María del Castillo y Rada General Stacks 11/28/2019 Donación 658.4012 / S684g 430013140 05/16/2024 Ej.1 11/28/2019 Books